00893 2200325 4500001002100000005001500021035002500036008004100061020001800102040001700120082001600137084001800153100002400171245003800195250001100233260005400244300003000298500001100328504003500339650003600374850001200410007000300422090002200425090002200447999002200469990002200491990001800513990001800531990001800549INLIS00000000000612120200625035532 a0010-061500000000242150605s2014 yoi g ind d a979-420-898-1 aYOPDYOGbind04222a499.221 a499.221 BUR s0 aBurhan Nurgiyantoro00aStilistika /cBurhan Nurgiyantoro aCet. 13 aYogyakarta :bGadjah Mada University Press,c2014 avii, 404 halaman ;c21 cm aIndeks aBibliografi : halaman 383-387 4aBahasa Indonesia--xGaya bahasa aYOPDYOGta aDEP 499.221 BUR s aCB-D.11 2014 1055 aCB-D.11/2014-1055 aCB-D.11/2014-1055 a13797-PD/B.15 a13798-PD/B.15 a13799-PD/B.15